00528 2200205 4500001002100000005001700021008004100038035002400079090001500103100001600118245003900134250001100173260003500184300002900219650001800248850001500266980001300281986001300294999001500307YOGYA-0209000001688020090227022708.0 ind  0010-020900000016880 a598bSus B aSUSENO, Ari aBeternak burung kenaricAri Suseno aCet. 3 aJakartabPenebar Swadayac1990 aix, 167 hlmbilusc21 cm aBurung kenari aYOPDYOG(B) a05-12-05 afwhRTREV a94P0048536